| 000 | 00495nam a2200181Ia 4500 | ||
|---|---|---|---|
| 001 | 10610 | ||
| 005 | 20260306161845.0 | ||
| 008 | 260306t1996||||xx |||||||||||||| ||spa|| | ||
| 041 | _aESP | ||
| 082 |
_a944.04 _bV28 |
||
| 100 |
_aVan Kley, Dale K. _eAUT |
||
| 245 | 4 |
_aThe religious origins of the french revolution: _bfrom Calvin to the Civil Constitution, 1560-1791 |
|
| 260 | _c1996 | ||
| 300 |
_aix, 390 páginas _c23 cm. |
||
| 650 | _aGEN | ||
| 654 | _aCHU | ||
| 942 |
_cLIB _dJUS _fJUS _2ddc _n |
||
| 999 |
_c10610 _d10610 |
||